Les adversaires de Batman au cinéma - Statistiques

Statistiques générales
  • Ce quiz a été pris 199 fois
  • Le résultat moyen est 8 sur 12
Statistiques - réponses
Réponse % Correct
Joker
99%
Bane
84%
Pingouin
82%
Double-Face
76%
Catwoman
72%
Poison Ivy
68%
Homme-Mystère
67%
L'Épouvantail
66%
Mister Freeze
61%
Ra's al Ghul
55%
Talia al Ghul
28%
Carmine Falcone
24%
Aucun quiz correspondant
Distribution des résultats
% des personnes avec chaque résultat
Percentile par nombre de réponses
Votre historique - résultats
Vous n’avez pas pris ce quiz